| 000 | 00331nam a2200133Ia 4500 | ||
|---|---|---|---|
| 005 | 20260328104313.0 | ||
| 008 | 260328s9999||||xx |||||||||||||| ||und|| | ||
| 100 | _aBurnett, John | ||
| 245 | 2 |
_aA Social History of Housing 1815- 1970 / _cJohn Burnett |
|
| 260 | _bMethuen | ||
| 300 | _a344 p. | ||
| 650 | _aHISTORIA | ||
| 942 | _cBK | ||
| 999 |
_c11039 _d11039 |
||